Scorpions - Wind Of Change Lyrics Quiz - Statistics

General Stats
  • This quiz has been taken 34 times
  • The average score is 26 of 36
Answer Stats
Lyrics % Correct
{Listening} to the wind of change
81%
{Listening} to the wind of change
81%
{Listening} to the wind of change
81%
On a {glory} night
81%
On a {glory} night (A glory night)
81%
On a {glory} night (A glory night)
81%
An August {summer} {night}
77%
And did you {ever} {think}
77%
And down to {Gorky} {Park}
77%
Down to {Gorky} {Park}
77%
I follow the {Moskva}
77%
I follow the {Moskva}
77%
In the {wind} {of} {change}
77%
In the {wind} {of} {change} (The {wind} {of} {change})
77%
Soldiers {passing} by
77%
Take me (Take me) to the {magic} of the moment
77%
Take me (Take me) to the {magic} of the moment
77%
Take me to the {magic} of the moment
77%
That we {could} {be} so close, like brothers?
77%
The {wind} {of} {change}
77%
The world is {closing} in
77%
Where the {children} of {tomorrow} dream away (Dream away)
77%
Where the {children} of {tomorrow} dream away (Dream away)
77%
Where the {children} of {tomorrow} share their dreams (Share their dreams)
77%
With {you} and me (With {you} and me)
74%
I {can} {feel} it everywhere
71%
The future's in {the} {air}
71%
And distant {memories}
68%
Walking {down} the street
68%
{Blowing} with the wind of change
58%
For peace of {mind}
55%
What my guitar {wants} to say (Say)
55%
Are buried in {the} {past} forever
52%
Blows {straight} {into} the face of time
48%
Let your {balalaika} sing
48%
Like a storm wind that will ring the {freedom} {bell}
45%
No matching quizzes found
Score Distribution
Percent of People with Each Score
Percentile by Number Answered
Your Score History
You have not taken this quiz